[Event "ch-city"]
[Site "Milanowek"]
[Date "2012.07.07"]
[Round "8.6"]
[White "Kolinski, Daniel"]
[Black "Rogalski, Krzysztof"]
[Result "1/2-1/2"]
[WhiteElo "1713"]
[BlackElo "1855"]
[Annotator "Admin"]
[PlyCount "73"]
[EventDate "2012.06.30"]
[EventType "swiss"]
[EventCountry "POL"]

1. e4 c5 2. Nf3 e6 3. d4 cxd4 4. Nxd4 a6 5. Nc3 Qc7 6. Bd3 Nc6 7. Nde2 Nf6 8.
Bf4 d6 9. f3 Be7 10. Qd2 b5 11. Bxb5 axb5 12. Nxb5 Qa5 13. Qxa5 Rxa5 14. Nxd6+
Bxd6 15. Bxd6 Nd7 16. a4 f6 17. b4 Ra7 18. c3 Kf7 19. Nd4 Nxd4 20. cxd4 Rd8 21.
Kf2 Nb6 22. Bc5 Rb7 23. b5 Na8 24. Rhb1 Nc7 25. Ke3 Bd7 26. Kd3 Ra8 27. Bd6 Ke8
28. Rc1 Kd8 29. Bxc7+ Rxc7 30. Rxc7 Kxc7 31. Kc4 Kb6 32. a5+ Rxa5 33. Rxa5 Kxa5
34. Kc5 Bxb5 35. Kd6 Bc4 36. Kc5 Bb5 37. Kd6 $11 1/2-1/2

[Event "ch-city"]
[Site "Milanowek"]
[Date "2012.07.07"]
[Round "8.7"]
[White "Dabrowski, Mikolaj"]
[Black "Borowy, Cezary"]
[Result "1/2-1/2"]
[WhiteElo "1521"]
[BlackElo "1851"]
[PlyCount "55"]
[EventDate "2012.06.30"]
[EventType "swiss"]
[EventCountry "POL"]

1. Nf3 d5 2. b3 Bg4 3. e3 e6 4. Be2 c6 5. Bb2 Nf6 6. Ne5 Bxe2 7. Qxe2 Bd6 8. f4
Nbd7 9. O-O Qc7 10. Nxd7 Qxd7 11. d3 O-O-O 12. Nd2 Rhe8 13. Nf3 Qe7 14. Ne5
Bxe5 15. Bxe5 g6 16. a4 Nd7 17. Bb2 f5 18. e4 Qb4 19. e5 Rg8 20. Kh1 g5 21. Ba3
Qd4 22. Be7 Rde8 23. Bxg5 Rg6 24. Bh4 Reg8 25. g3 Qc5 26. Qf2 d4 27. a5 Qc3 28.
Rfc1 1/2-1/2

[Event "ch-city"]
[Site "Milanowek"]
[Date "2012.07.07"]
[Round "8.8"]
[White "Cyra, Dariusz"]
[Black "Trocha, Adam"]
[Result "1-0"]
[WhiteElo "1819"]
[BlackElo "1560"]
[PlyCount "61"]
[EventDate "2012.06.30"]
[EventType "swiss"]
[EventCountry "POL"]

1. d4 Nf6 2. c4 e6 3. Nc3 Bb4 4. a3 Bxc3+ 5. bxc3 Ne4 6. e3 d5 7. Qc2 b6 8. Bd3
f5 9. Ne2 Bb7 10. O-O dxc4 11. Bxc4 Qf6 12. Nf4 Bc8 13. Qb3 Na6 14. Bxa6 Bxa6
15. Qa4+ Kf7 16. Qxa6 Nxc3 17. Qc4 Ne4 18. Qxc7+ Qe7 19. Qxe7+ Kxe7 20. f3 Nf6
21. Bd2 g5 22. Nd3 e5 23. Nxe5 Rac8 24. Rfc1 Nd5 25. g3 Rhg8 26. e4 Nf6 27.
Rxc8 Rxc8 28. Bxg5 Rg8 29. Bxf6+ Kxf6 30. Nd7+ Ke7 31. Nxb6 1-0

[Event "ch-city"]
[Site "Milanowek"]
[Date "2012.07.07"]
[Round "8.9"]
[White "Hagner, Pawel"]
[Black "Fraczek, Lukasz"]
[Result "1/2-1/2"]
[WhiteElo "1828"]
[BlackElo "1557"]
[Annotator "Admin"]
[PlyCount "54"]
[EventDate "2012.06.30"]
[EventType "swiss"]
[EventCountry "POL"]

1. d4 Nf6 2. Nf3 g6 3. Bf4 Bg7 4. e3 O-O 5. Nbd2 d6 6. c3 Nbd7 7. Be2 c5 8. h3
Re8 9. O-O b6 10. Qb3 Bb7 11. a4 e5 12. dxe5 dxe5 13. Bh2 e4 14. Ng5 Qe7 15.
Bc4 Rf8 16. h4 h6 17. Nh3 Ne5 18. Bxe5 Qxe5 19. Nf4 Qf5 20. Ne6 Qg4 21. Nxf8
Rxf8 22. g3 Qh3 23. Rfd1 Ng4 24. Nf1 Ne5 25. Nh2 Nf3+ 26. Nxf3 exf3 27. Bf1 Qg4
$11 1/2-1/2

[Event "ch-city"]
[Site "Milanowek"]
[Date "2012.07.07"]
[Round "8.10"]
[White "Starczewski, Michal"]
[Black "Borowski, Marek"]
[Result "0-1"]
[WhiteElo "1541"]
[BlackElo "1587"]
[PlyCount "38"]
[EventDate "2012.06.30"]
[EventType "swiss"]
[EventCountry "POL"]

1. f4 d5 2. Nf3 g6 3. e3 Bg7 4. Be2 Nh6 5. Ne5 Nd7 6. d4 O-O 7. c4 Nxe5 8. fxe5
c6 9. O-O Bf5 10. Nd2 Qd7 11. Nf3 Bg4 12. Qe1 Bxf3 13. Rxf3 f6 14. Rh3 Nf7 15.
Qh4 Ng5 16. Rg3 Ne4 17. Bg4 f5 18. Rh3 fxg4 19. Rg3 Qf5 0-1

[Event "ch-city"]
[Site "Milanowek"]
[Date "2012.07.07"]
[Round "8.11"]
[White "Katus, Tomasz"]
[Black "Szustakowski, Antoni"]
[Result "0-1"]
[WhiteElo "1841"]
[BlackElo "1485"]
[PlyCount "54"]
[EventDate "2012.06.30"]
[EventType "swiss"]
[EventCountry "POL"]

1. e4 Nf6 2. e5 Nd5 3. c4 Nb6 4. d4 d6 5. exd6 exd6 6. Nc3 Nc6 7. Be2 Be7 8.
Nf3 Bf5 9. a3 a5 10. O-O O-O 11. b3 Bf6 12. Bb2 Re8 13. Qd2 Bg4 14. Nb5 a4 15.
b4 Bxf3 16. gxf3 Bg5 17. Qd3 Bf4 18. h3 Qg5+ 19. Kh1 Qh4 20. Kg2 Re6 21. Rh1
Rg6+ 22. Kf1 Qg5 23. Ke1 Re8 24. Kd1 Rge6 25. Nc3 d5 26. c5 Nc4 27. Kc2 Nxd4+
0-1

[Event "ch-city"]
[Site "Milanowek"]
[Date "2012.07.07"]
[Round "8.12"]
[White "Jarzebowski, Kacper"]
[Black "Grabarczyk, Sylwester"]
[Result "0-1"]
[WhiteElo "1301"]
[BlackElo "1738"]
[PlyCount "52"]
[EventDate "2012.06.30"]
[EventType "swiss"]
[EventCountry "POL"]

1. e4 d5 2. exd5 Nf6 3. d4 Nxd5 4. c4 Nf6 5. Nc3 c5 6. Be3 cxd4 7. Bxd4 Nc6 8.
Bxf6 Qxd1+ 9. Rxd1 exf6 10. Nf3 Bb4 11. Kd2 O-O 12. Kc2 Bc5 13. Ne4 Bf5 14. Bd3
Nb4+ 15. Kc3 Nxd3 16. Nxc5 Nxc5 17. Rd5 Ne4+ 18. Kb3 Bg6 19. Rhd1 Nxf2 20. R1d2
Ne4 21. Rd1 b6 22. Nd4 Nc5+ 23. Kc3 Be4 24. Rh5 g6 25. Rh3 Bxg2 26. Rg3 Ne4+
0-1

[Event "ch-city"]
[Site "Milanowek"]
[Date "2012.07.07"]
[Round "8.13"]
[White "Woloszyn, Piotr"]
[Black "Rzeszowski, Dominik"]
[Result "1/2-1/2"]
[WhiteElo "1581"]
[BlackElo "1627"]
[Annotator "Admin"]
[PlyCount "103"]
[EventDate "2012.06.30"]
[EventType "swiss"]
[EventCountry "POL"]

1. b4 d5 2. Bb2 Nf6 3. e3 Bf5 4. Nf3 e6 5. a3 Be7 6. Be2 Nbd7 7. d3 Rc8 8. Nh4
Bg6 9. Nxg6 hxg6 10. Nd2 c5 11. b5 e5 12. c4 d4 13. e4 b6 14. a4 Ra8 15. O-O
Qc7 16. Nb3 O-O 17. g3 Nh7 18. Bc1 f5 19. exf5 gxf5 20. Bf3 Rad8 21. Bd5+ Kh8
22. f4 Ndf6 23. fxe5 Nxd5 24. cxd5 Qxe5 25. Re1 Qf6 26. Re6 Qf7 27. Qf3 Bg5 28.
h4 Bxc1 29. Rxc1 Nf6 30. Qxf5 Rxd5 31. Qh3 Nh5 32. Rc2 Nxg3 33. Qxg3 Qxe6 34.
Nd2 Qe3+ 35. Kg2 Qxg3+ 36. Kxg3 Rdf5 37. a5 Rf2 38. axb6 axb6 39. Ra2 R8f3+ 40.
Kg4 Rxd3 41. Ra8+ Kh7 42. Ne4 Rg2+ 43. Kf4 Rb3 44. h5 g5+ 45. Nxg5+ Kg7 46.
Ra7+ Kf8 47. h6 Rh2 48. h7 Re3 49. Kf5 Ree2 50. Ra8+ Re8 51. Ra7 Re7 52. Ra8+
$11 1/2-1/2

[Event "ch-city"]
[Site "Milanowek"]
[Date "2012.07.07"]
[Round "8.14"]
[White "Tomaszewski, Wieslaw"]
[Black "Kowalik, Pawel"]
[Result "0-1"]
[WhiteElo "1619"]
[BlackElo "1722"]
[PlyCount "64"]
[EventDate "2012.06.30"]
[EventType "swiss"]
[EventCountry "POL"]

1. d4 Nf6 2. Nf3 d5 3. Bf4 Bf5 4. e3 c6 5. c3 e6 6. Bd3 Bxd3 7. Qxd3 Bd6 8. Bg3
Qc7 9. Nbd2 Nbd7 10. b4 Bxg3 11. hxg3 e5 12. dxe5 Nxe5 13. Nxe5 Qxe5 14. Nf3
Qe4 15. Qd2 O-O 16. Rh4 Qf5 17. Nd4 Qe5 18. Kf1 Ne4 19. Qc2 g6 20. Rc1 h5 21.
g4 Qf6 22. Nf3 Ng5 23. gxh5 Nxf3 24. Rf4 Qg5 25. Rxf3 Qxh5 26. Rh3 Qe5 27. f4
Qe4 28. Qf2 Kg7 29. Qd2 Rh8 30. Rxh8 Rxh8 31. Qd4+ Qxd4 32. cxd4 Rh1+ 0-1

[Event "ch-city"]
[Site "Milanowek"]
[Date "2012.07.08"]
[Round "9.1"]
[White "Goslawski, Michal"]
[Black "Sielicki, Tomasz"]
[Result "1-0"]
[WhiteElo "2113"]
[BlackElo "2011"]
[PlyCount "145"]
[EventDate "2012.06.30"]
[EventType "swiss"]
[EventCountry "POL"]

1. c4 e5 2. Nc3 d6 3. g3 f5 4. d4 Be7 5. Bg2 Nf6 6. d5 O-O 7. Nf3 c5 8. dxc6
Nxc6 9. O-O Be6 10. Nd5 h6 11. Nh4 Kh7 12. Bh3 g6 13. Qd2 Ng8 14. Nf3 g5 15.
Bg2 g4 16. Nxe7 Qxe7 17. Nh4 Bxc4 18. b3 Be6 19. Ba3 Rfd8 20. Rfd1 Rd7 21. Bxc6
bxc6 22. Qc2 Qf8 23. Qxc6 Ne7 24. Qa6 Nd5 25. Rd2 Qc8 26. Qxc8 Rxc8 27. Nxf5
Rc6 28. Nxd6 Nc3 29. Bb4 Nd5 30. Ba3 Nc3 31. Rc2 Ra6 32. Rxc3 Rxa3 33. Nc4 Bxc4
34. Rxc4 Rd2 35. Re4 Rb2 36. Rxe5 Rbxb3 37. axb3 Rxa1+ 38. Kg2 Kg6 39. h3 gxh3+
40. Kxh3 Rb1 41. Re3 a5 42. Kg2 Rb2 43. f4 Kf5 44. Kf3 h5 45. Re5+ Kg6 46. Rb5
Rb1 47. e4 Rf1+ 48. Ke3 Re1+ 49. Kd4 Rg1 50. Rxa5 Rxg3 51. Ra6+ Kg7 52. b4 h4
53. Ra2 Rb3 54. Ke5 Rxb4 55. Kf5 h3 56. Rh2 Rb3 57. Kg4 Re3 58. e5 Kg6 59. Rxh3
Re4 60. Rc3 Re1 61. Rc6+ Kf7 62. Kf5 Ra1 63. Rc7+ Ke8 64. Kf6 Ra4 65. f5 Ra6+
66. e6 Kd8 67. Rd7+ Ke8 68. Rh7 Kd8 69. Rh8+ Kc7 70. Kf7 Kd6 71. Rd8+ Ke5 72.
e7 Rf6+ 73. Kg7 1-0

[Event "ch-city"]
[Site "Milanowek"]
[Date "2012.07.08"]
[Round "9.2"]
[White "Olejarczyk, Bogdan"]
[Black "Janczarski, Michal"]
[Result "0-1"]
[WhiteElo "2132"]
[BlackElo "2345"]
[PlyCount "70"]
[EventDate "2012.06.30"]
[EventType "swiss"]
[EventCountry "POL"]

1. d4 Nf6 2. Nf3 c5 3. e3 e6 4. Be2 Be7 5. O-O O-O 6. c4 b6 7. Nc3 Bb7 8. Qc2
d6 9. b3 Nbd7 10. Rd1 a6 11. Bb2 Rc8 12. Rac1 Rc7 13. e4 cxd4 14. Nxd4 Qa8 15.
f3 Kh8 16. Kh1 Rg8 17. Qd2 g5 18. Na4 g4 19. Qe3 Rg6 20. Bd3 gxf3 21. gxf3 Bf8
22. Rc2 Bh6 23. Qf2 e5 24. Rg1 exd4 25. Bxd4 Ne5 26. Bxe5 dxe5 27. Rxg6 hxg6
28. Qh4 Kg7 29. Nxb6 Qf8 30. Nd5 Bxd5 31. exd5 Qc5 32. Qe1 Qd4 33. Be4 Rc8 34.
Kg2 Nh5 35. Kf1 f5 0-1

[Event "ch-city"]
[Site "Milanowek"]
[Date "2012.07.08"]
[Round "9.3"]
[White "Tomaszewska, Luiza"]
[Black "Liberadzki, Slawomir"]
[Result "0-1"]
[WhiteElo "1969"]
[BlackElo "2080"]
[PlyCount "80"]
[EventDate "2012.06.30"]
[EventType "swiss"]
[EventCountry "POL"]

1. d4 d5 2. Nf3 Nf6 3. Bf4 e6 4. e3 Bd6 5. Bg3 O-O 6. Bd3 b6 7. Nbd2 Bb7 8. Bh4
Nbd7 9. Qe2 c5 10. c3 Re8 11. Bb5 Re7 12. g4 a6 13. Bd3 Re8 14. Bxh7+ Kxh7 15.
g5 e5 16. gxf6 Nxf6 17. Rg1 cxd4 18. cxd4 e4 19. Ng5+ Kg8 20. O-O-O a5 21. Kb1
Ba6 22. Qe1 Bd3+ 23. Ka1 a4 24. Nb1 a3 25. b3 Bc2 26. Rc1 Rc8 27. Qd2 Bxb1 28.
Kxb1 Rxc1+ 29. Rxc1 Qd7 30. Rg1 Rc8 31. Qe2 Bxh2 32. Rh1 Qg4 33. Qa6 Rf8 34.
Qf1 Qxh4 35. Qg2 Ng4 36. f3 exf3 37. Nxf3 Qh7+ 38. Ka1 Qe4 39. Qe2 Rc8 40. Qa6
Qc2 0-1

[Event "ch-city"]
[Site "Milanowek"]
[Date "2012.07.08"]
[Round "9.4"]
[White "Grochulski, Grzegorz"]
[Black "Cyra, Dariusz"]
[Result "1-0"]
[WhiteElo "2090"]
[BlackElo "1819"]
[PlyCount "63"]
[EventDate "2012.06.30"]
[EventType "swiss"]
[EventCountry "POL"]

1. e4 d6 2. d4 Nf6 3. Nc3 g6 4. Bc4 Bg7 5. Qe2 Nc6 6. e5 dxe5 7. dxe5 Nd7 8. e6
fxe6 9. Nf3 Nf6 10. Bf4 Nd5 11. Nxd5 exd5 12. O-O-O e6 13. Bxd5 Qf6 14. Bxc6+
bxc6 15. Be5 Qe7 16. Qc4 O-O 17. Bxg7 Qxg7 18. Kb1 Rb8 19. b3 a5 20. h4 Rb4 21.
Qc5 Rg4 22. Ne1 Bb7 23. f3 Rgf4 24. Qxa5 R4f5 25. Qb4 Rb5 26. Qd4 Qe7 27. Qd7
Qf6 28. Qxc7 Ra8 29. Nd3 Rxa2 30. Kxa2 Qc3 31. Nb4 Ra5+ 32. Qxa5 1-0

[Event "ch-city"]
[Site "Milanowek"]
[Date "2012.07.08"]
[Round "9.6"]
[White "Brudzinski, Maciej"]
[Black "Rogalski, Krzysztof"]
[Result "0-1"]
[WhiteElo "1913"]
[BlackElo "1855"]
[PlyCount "122"]
[EventDate "2012.06.30"]
[EventType "swiss"]
[EventCountry "POL"]

1. e4 c5 2. Nf3 e6 3. d3 Nc6 4. g3 g6 5. Bg2 Bg7 6. c3 Nge7 7. Be3 b6 8. Qd2
Bb7 9. Bh6 O-O 10. h4 d5 11. Bxg7 Kxg7 12. Ng5 h6 13. exd5 Nxd5 14. Ne4 f5 15.
h5 g5 16. c4 Ndb4 17. Qc3+ Nd4 18. Nxg5 Qxg5 19. Bxb7 Nbc2+ 20. Kd1 Rab8 21.
Bg2 Nxa1 22. Na3 Qg4+ 23. Kc1 Kh7 24. Kb1 Qe2 25. Rf1 Nac2 26. Nxc2 Nxc2 27.
Qxc2 Qxc2+ 28. Kxc2 Rbd8 29. Re1 Rd6 30. Re5 Kg7 31. Bf3 Kf6 32. Re1 Rfd8 33.
Be2 e5 34. f3 Rd4 35. Kc3 e4 36. dxe4 fxe4 37. f4 Kf5 38. Rf1 Rd2 39. g4+ Kf6
40. Re1 R8d4 41. a4 a5 42. Kb3 e3 43. f5 Rf4 44. Kc3 Rf2 45. Bd1 Rxb2 46. Rxe3
Rbd2 47. Rd3 Rxd3+ 48. Kxd3 Rf4 49. Be2 Ke5 50. Ke3 Re4+ 51. Kd3 Rd4+ 52. Ke3
b5 53. axb5 a4 54. Bd3 a3 55. Bb1 Rxc4 56. g5 hxg5 57. b6 Rb4 58. f6 Kxf6 59.
h6 Rxb1 60. h7 Kg7 61. b7 Rxb7 0-1

[Event "ch-city"]
[Site "Milanowek"]
[Date "2012.07.08"]
[Round "9.7"]
[White "Borowy, Cezary"]
[Black "Kolinski, Daniel"]
[Result "1-0"]
[WhiteElo "1851"]
[BlackElo "1713"]
[PlyCount "29"]
[EventDate "2012.06.30"]
[EventType "swiss"]
[EventCountry "POL"]

1. e4 e5 2. d4 exd4 3. Qxd4 Nc6 4. Qe3 g6 5. Nc3 Bg7 6. Bd2 Nf6 7. f4 d6 8.
O-O-O O-O 9. Bc4 Re8 10. Nf3 Nxe4 11. Nxe4 d5 12. Bxd5 Qxd5 13. Nf6+ Bxf6 14.
Qxe8+ Kg7 15. Bb4 1-0

[Event "ch-city"]
[Site "Milanowek"]
[Date "2012.07.08"]
[Round "9.8"]
[White "Borowski, Marek"]
[Black "Dabrowski, Mikolaj"]
[Result "0-1"]
[WhiteElo "1587"]
[BlackElo "1521"]
[PlyCount "96"]
[EventDate "2012.06.30"]
[EventType "swiss"]
[EventCountry "POL"]

1. d4 Nf6 2. c4 e6 3. g3 d5 4. Bg2 b6 5. Nf3 Bb7 6. O-O Be7 7. Nc3 O-O 8. b3
Nbd7 9. Bd2 c5 10. e3 Rc8 11. Qe2 Ne4 12. Rfd1 Nxd2 13. Nxd2 cxd4 14. exd4 Bf6
15. Nf3 dxc4 16. bxc4 Qc7 17. Nb5 Qxc4 18. Qxc4 Rxc4 19. Nxa7 Bxf3 20. Bxf3
Rxd4 21. Rxd4 Bxd4 22. Rd1 Ne5 23. Bg2 Bc5 24. Kf1 Ng4 25. h3 Nxf2 26. Rd2 f5
27. Rxf2 Bxf2 28. Kxf2 Kf7 29. a4 Kf6 30. Bc6 e5 31. Ke3 Rd8 32. Nb5 e4 33. Nc7
Rd3+ 34. Kf2 Ke5 35. Na8 Rd2+ 36. Kf1 Rd6 37. Bb5 g5 38. Nc7 f4 39. gxf4+ gxf4
40. Ke2 Rg6 41. Na8 Kd4 42. Kf2 f3 43. Nc7 Rg2+ 44. Kf1 e3 45. Ne6+ Kc3 46. Nf4
Ra2 47. Kg1 Ra1+ 48. Kh2 e2 0-1

[Event "ch-city"]
[Site "Milanowek"]
[Date "2012.07.08"]
[Round "9.9"]
[White "Grabarczyk, Sylwester"]
[Black "Hagner, Pawel"]
[Result "0-1"]
[WhiteElo "1738"]
[BlackElo "1828"]
[PlyCount "96"]
[EventDate "2012.06.30"]
[EventType "swiss"]
[EventCountry "POL"]

1. d4 Nf6 2. c4 g6 3. Nc3 Bg7 4. e4 d6 5. Nf3 O-O 6. Be2 e5 7. dxe5 dxe5 8.
Qxd8 Rxd8 9. Nxe5 Nxe4 10. Nxf7 Bxc3+ 11. bxc3 Kxf7 12. O-O Nxc3 13. Bf3 c6 14.
Re1 Be6 15. Ba3 Nd7 16. Bb4 Na4 17. Bd6 Nf6 18. c5 Nc3 19. a4 Ne8 20. Ra3 Nd5
21. Bxd5 cxd5 22. Rf3+ Bf5 23. g4 Nxd6 24. cxd6 Rxd6 25. gxf5 Rad8 26. Rb1 b6
27. Rc1 R8d7 28. Rc8 gxf5 29. Rxf5+ Ke6 30. Rcf8 d4 31. f4 Rg7+ 32. Kf2 Ke7 33.
Ra8 Rd7 34. Re5+ Kd6 35. Rc8 Rc7 36. Rd8+ Rgd7 37. Rf8 Rf7 38. Rd8+ Rcd7 39.
Rxd7+ Rxd7 40. a5 d3 41. Re3 Kc5 42. Re5+ Kc4 43. Ke1 Kc3 44. Kd1 Rg7 45. axb6
axb6 46. f5 Rg1+ 47. Re1 Rxe1+ 48. Kxe1 Kc2 0-1

[Event "ch-city"]
[Site "Milanowek"]
[Date "2012.07.08"]
[Round "9.10"]
[White "Fraczek, Lukasz"]
[Black "Szustakowski, Antoni"]
[Result "1/2-1/2"]
[WhiteElo "1557"]
[BlackElo "1485"]
[PlyCount "48"]
[EventDate "2012.06.30"]
[EventType "swiss"]
[EventCountry "POL"]

1. e4 Nf6 2. e5 Nd5 3. d4 d6 4. c4 Nb6 5. exd6 exd6 6. Nc3 Nc6 7. Be3 Be7 8.
Bd3 Nd7 9. Nf3 Nf6 10. a3 a5 11. O-O O-O 12. h3 Bd7 13. Nd5 Re8 14. Rc1 Qc8 15.
Qc2 h6 16. Nh2 Qd8 17. Kh1 Bf8 18. Nc3 Qc8 19. Rce1 Ne7 20. g4 g6 21. Rg1 Bg7
22. f4 Nh7 23. h4 Nf6 24. g5 Nh5 1/2-1/2

[Event "ch-city"]
[Site "Milanowek"]
[Date "2012.07.08"]
[Round "9.11"]
[White "Trocha, Adam"]
[Black "Kowalik, Pawel"]
[Result "1/2-1/2"]
[WhiteElo "1560"]
[BlackElo "1722"]
[PlyCount "60"]
[EventDate "2012.06.30"]
[EventType "swiss"]
[EventCountry "POL"]

1. c4 c5 2. Nc3 Nf6 3. g3 d5 4. cxd5 Nxd5 5. Bg2 Nc7 6. Nf3 Nc6 7. O-O e5 8. d3
Be7 9. b3 O-O 10. Bb2 f6 11. Rc1 Rb8 12. Ne4 b6 13. Nfd2 Ne6 14. Nxc5 bxc5 15.
Bxc6 Bb7 16. Bxb7 Rxb7 17. Ba3 Qd5 18. Nc4 Ng5 19. e4 Qd7 20. Ne3 Rc8 21. Qg4
Qxg4 22. Nxg4 Rd8 23. Rfd1 Rbd7 24. Rc3 h5 25. Ne3 Nxe4 26. dxe4 Rxd1+ 27. Nxd1
Rxd1+ 28. Kg2 Rd2 29. Bxc5 Bxc5 30. Rxc5 Rxa2 1/2-1/2

[Event "ch-city"]
[Site "Milanowek"]
[Date "2012.07.08"]
[Round "9.12"]
[White "Woloszyn, Piotr"]
[Black "Katus, Tomasz"]
[Result "1/2-1/2"]
[WhiteElo "1581"]
[BlackElo "1841"]
[PlyCount "134"]
[EventDate "2012.06.30"]
[EventType "swiss"]
[EventCountry "POL"]

1. d4 c6 2. e4 d5 3. exd5 cxd5 4. c4 Nf6 5. h3 e6 6. Nc3 Be7 7. Nf3 dxc4 8.
Bxc4 O-O 9. O-O Nc6 10. a3 a6 11. Ba2 b5 12. d5 exd5 13. Nxd5 Nxd5 14. Bxd5 Bb7
15. Bf4 Na5 16. Bxb7 Nxb7 17. b4 Rc8 18. Rc1 Bf6 19. Be5 Qb6 20. Qd4 Qxd4 21.
Bxd4 Bxd4 22. Nxd4 Nd6 23. Rc6 Rxc6 24. Nxc6 Re8 25. a4 bxa4 26. Ra1 Kf8 27.
Rxa4 Ra8 28. f3 Ke8 29. Nd4 Kd7 30. b5 a5 31. Kf2 Kc7 32. Ke3 Kb6 33. g4 Nxb5
34. Nf5 g6 35. Ng3 Nd6 36. Kd4 Ra7 37. Ke5 Kb5 38. Ra1 Nc4+ 39. Kd4 Rd7+ 40.
Kc3 Ne5 41. Rb1+ Ka6 42. f4 Rd3+ 43. Kc2 Rxg3 44. fxe5 Rf3 45. h4 Rf4 46. Kd3
a4 47. Ke3 Rc4 48. Kd3 Rc7 49. Kd4 Rb7 50. Rf1 Ka5 51. Kc5 a3 52. h5 Ka4 53.
hxg6 hxg6 54. Kc4 a2 55. Ra1 Ka3 56. Rf1 Rb1 57. Rf3+ Ka4 58. Rxf7 Rc1+ 59. Kd5
a1=Q 60. Ra7+ Kb4 61. Rxa1 Rxa1 62. e6 Re1 63. Kd6 Kc4 64. e7 Kd4 65. Kd7 Rxe7+
66. Kxe7 Ke5 67. Kf7 Kf4 1/2-1/2

[Event "ch-city"]
[Site "Milanowek"]
[Date "2012.07.08"]
[Round "9.13"]
[White "Starczewski, Michal"]
[Black "Jarzebowski, Kacper"]
[Result "1/2-1/2"]
[WhiteElo "1541"]
[BlackElo "1301"]
[PlyCount "82"]
[EventDate "2012.06.30"]
[EventType "swiss"]
[EventCountry "POL"]

1. d4 Nf6 2. c4 d6 3. Nc3 e5 4. dxe5 dxe5 5. Qxd8+ Kxd8 6. Bg5 Nbd7 7. O-O-O c6
8. Nf3 Kc7 9. e3 Bb4 10. Bxf6 Bxc3 11. Bxg7 Rg8 12. Bh6 Bb4 13. Bg5 f6 14. Bh4
Be7 15. Bg3 Bd6 16. Bd3 Rg7 17. Nh4 Nc5 18. Bc2 Be6 19. Nf5 Rd7 20. b3 h5 21.
Bh4 Rf8 22. b4 Na6 23. c5 Be7 24. a3 Nb8 25. Rxd7+ Kxd7 26. Rd1+ Ke8 27. Nd6+
Bxd6 28. Rxd6 Ke7 29. Bd1 a5 30. Be2 axb4 31. axb4 Bd5 32. f3 b6 33. e4 bxc5
34. bxc5 Be6 35. g3 Rc8 36. f4 Nd7 37. Bxh5 exf4 38. gxf4 Rh8 39. f5 Bxf5 40.
exf5 Rxh5 41. Bg3 Rxf5 1/2-1/2